झंझा भवन / (Record no. 117410)

MARC details
000 -LEADER
fixed length control field 01196nam a22002657a 4500
005 - DATE AND TIME OF LATEST TRANSACTION
control field 20170124103055.0
010 ## - LIBRARY OF CONGRESS CONTROL NUMBER
LC control number A-981866
020 ## - INTERNATIONAL STANDARD BOOK NUMBER
Terms of availability 115.00
International Standard Book Number 8126006471
035 ## - SYSTEM CONTROL NUMBER
System control number A-981866
037 ## - SOURCE OF ACQUISITION
Source of stock number/acquisition Cen Lib/Ret
040 ## - CATALOGING SOURCE
Original cataloging agency DPL
Language of cataloging HN
082 ## - DEWEY DECIMAL CLASSIFICATION NUMBER
Classification number
Item number ब्रानटे
100 ## - MAIN ENTRY--PERSONAL NAME
Personal name ब्रानटे, एमिली
9 (RLIN) 71792
245 ## - TITLE STATEMENT
Title झंझा भवन /
Statement of responsibility, etc एमिली ब्रानटे ; अनुवादक मधुब्रज अंशुमाली
246 ## - VARYING FORM OF TITLE
Title proper/short title Jhanjha Bhavan
Remainder of title by Amili Brante ;anuvadak Madhubrij Anshumaali
260 ## - PUBLICATION, DISTRIBUTION, ETC. (IMPRINT)
Place of publication, distribution, etc नई दिल्ली
Name of publisher, distributor, etc साहित्य अकादेमी
Date of publication, distribution, etc 1999
270 ## - ADDRESS
Address रविन्द्र भवन 35, फिरोज़शाह मार्ग
City नई दिल्ली
Postal code 110001
300 ## - PHYSICAL DESCRIPTION
Extent 319पृष्ठ.
Dimensions 20सेमी(सजिल्द)
650 ## - SUBJECT ADDED ENTRY--TOPICAL TERM
Topical term or geographic name as entry element हिंदी साहित्य
9 (RLIN) 71793
650 ## - SUBJECT ADDED ENTRY--TOPICAL TERM
Topical term or geographic name as entry element हिंदी उपन्यास
9 (RLIN) 71794
650 ## - SUBJECT ADDED ENTRY--TOPICAL TERM
Topical term or geographic name as entry element Hindi literature
9 (RLIN) 71795
650 ## - SUBJECT ADDED ENTRY--TOPICAL TERM
Topical term or geographic name as entry element Hindi novel
9 (RLIN) 71796
700 ## - ADDED ENTRY--PERSONAL NAME
Personal name अंशुमाली, मधुब्रज
9 (RLIN) 40
942 ## - ADDED ENTRY ELEMENTS (KOHA)
Source of classification or shelving scheme Dewey Decimal Classification
Koha item type Hindi Books
Classification part
Call number suffix ब्रानटे
Holdings
Withdrawn status Lost status Damaged status Not for loan Home library Current library Date acquired Source of acquisition Cost, normal purchase price Total Checkouts Full call number Barcode Date last seen Copy number Cost, replacement price Price effective from Koha item type Source of classification or shelving scheme Collection code Shelving location
        Central Library Central Library 27/08/2015 Cen Lib /Ret 115.00   उ ब्रानटे A-981866 27/08/2015 1 115.00 27/08/2015 Hindi Books      
        Patel Nagar Patel Nagar 14/01/2019 BPPD/PUB 115.00   उ ब्रानटे A-981870 14/01/2019   115.00 14/01/2019 Hindi Books Dewey Decimal Classification Fiction General Stacks

© Delhi Public Library
Hit Counter
free hit counter